<?xml version="1.0" encoding="UTF-8"?>
<marc:record xmlns:marc="http://www.loc.gov/MARC21/slim">
   <marc:leader>00000nam a2200000 a 4500</marc:leader>
   <marc:datafield ind1="1" ind2=" " tag="100">
      <marc:subfield code="a">Mitgliedern des Stiftes Klosterneuburg [Hrsg.]</marc:subfield>
      <marc:subfield code="4">aut</marc:subfield>
      <marc:subfield code="e">Verfasser/-in</marc:subfield>
   </marc:datafield>
   <marc:datafield ind1="0" ind2="0" tag="245">
      <marc:subfield code="a">Jahrbuch des Stiftes Klosterneuburg</marc:subfield>
   </marc:datafield>
   <marc:datafield ind1="0" ind2="0" tag="245">
      <marc:subfield code="c">Mitgliedern des Stiftes Klosterneuburg</marc:subfield>
   </marc:datafield>
   <marc:datafield ind1=" " ind2="1" tag="264">
      <marc:subfield code="a">Wien und Leipzig</marc:subfield>
      <marc:subfield code="b">Wilhelm Braumüller K. K. Universitäts-Verlagsbuchhandlung Gesellschaft M. B. H.</marc:subfield>
      <marc:subfield code="c">1917</marc:subfield>
   </marc:datafield>
   <marc:datafield ind1="1" ind2=" " tag="490">
      <marc:subfield code="a">Inhalt: Ludwig, Dr. Vinzenz Oskar, Klosterneuburger Altdrucke (1501 - 1520)</marc:subfield>
      <marc:subfield code="v">VIII</marc:subfield>
   </marc:datafield>
   <marc:datafield ind1="0" ind2=" " tag="490">
      <marc:subfield code="v">VIII.</marc:subfield>
   </marc:datafield>
   <marc:datafield ind1=" " ind2=" " tag="300">
      <marc:subfield code="a">263 S.</marc:subfield>
   </marc:datafield>
</marc:record>
